| 000 | 02637cam a2200721 a 4500 | ||
|---|---|---|---|
| 001 | 22005 | ||
| 003 | VRT | ||
| 005 | 20260317144919.0 | ||
| 008 | 240226s2004 xo o grh 000 0dslo | ||
| 015 | _aSNBA2004/07-04234 | ||
| 020 |
_a8055107513 _q(viazané) |
||
| 035 | _aSNK000430754 | ||
| 035 | _aurn:nbn:sk:snk-am3j2ma | ||
| 035 | _aEB18A22A-CF51-449E-8EC6-D9FB30661393 | ||
| 035 | _aurn:nbn:sk:snk-am00gl5d | ||
| 039 | 9 |
_a202402262036 _bVLOAD _c202305221040 _dAUTHORITY _c202205091533 _dVLOAD _c202204221234 _dVLOAD |
|
| 040 |
_aSNK _bslo _cSNK _eAACR2 |
||
| 041 | 1 |
_aslo _hcze |
|
| 043 |
_ae-xo--- _ae-cs--- |
||
| 044 |
_axo _cSK |
||
| 072 | 7 |
_a929 _xBiografie _2konspekt |
|
| 072 | 7 |
_a32 _xPolitika _2konspekt |
|
| 080 |
_a32-051(437+437.6) _21997 |
||
| 080 |
_a929 _21997 |
||
| 080 |
_a32-051 _22011 |
||
| 080 |
_a328/329 _22011 |
||
| 080 |
_a(437) _22011 |
||
| 080 |
_a(437.6) _22011 |
||
| 080 |
_a929(092) _22011 |
||
| 100 | 1 |
_aBudinský, Libor, _d1967- _4aut |
|
| 240 | 1 | 0 |
_aDeset prezidentů _lSlovensky |
| 245 | 1 | 0 |
_aTrinásť prezidentov _cLibor Budinský ; [z českého originálu Deset prezidentů preložil Rudolf Čižmárik] |
| 250 | _a1. vyd. | ||
| 260 |
_aBratislava _bIkar _c2004 |
||
| 300 |
_a352 strán _bfotografie _c21 cm |
||
| 600 | 1 | 7 |
_aBeneš, Edvard, _d1884-1948 _2SNKMA |
| 600 | 1 | 7 |
_aHácha, Emil, _d1872-1945 _2SNKMA |
| 600 | 1 | 7 |
_aGottwald, Klement, _d1896-1953 _2SNKMA |
| 600 | 1 | 7 |
_aZápotocký, Antonín, _d1884-1957 _2SNKMA |
| 600 | 1 | 7 |
_aNovotný, Antonín, _d1904-1975 _2SNKMA |
| 600 | 1 | 7 |
_aSvoboda, Ludvík, _d1895-1979 _2SNKMA |
| 600 | 1 | 7 |
_aHusák, Gustáv, _d1913-1991 _2SNKMA |
| 600 | 1 | 7 |
_aKováč, Michal, _d1930-2023 _2SNKMA |
| 600 | 1 | 7 |
_aSchuster, Rudolf, _d1934- _2SNKMA |
| 600 | 1 | 7 |
_aTiso, Jozef, _d1887-1947 _2SNKMA |
| 600 | 1 | 7 |
_aMasaryk, Tomáš Garrigue, _d1850-1937 _2SNKMA |
| 600 | 1 | 7 |
_aGašparovič, Ivan, _d1941- _2SNKMA |
| 650 | 0 | 7 |
_aprezidenti _2SNKPH |
| 650 | 0 | 7 |
_apolitika a vláda _2SNKPH |
| 651 | 7 |
_aČeskoslovensko _2SNKPHgeo |
|
| 651 | 7 |
_aSlovensko _2SNKPHgeo |
|
| 655 | 7 |
_abiografie _2SNKPH |
|
| 700 | 1 |
_aČižmárik, Rudolf, _d1949-2008 _4trl |
|
| 910 | _asnk | ||
| 942 |
_2ddc _cKLDO _n0 |
||
| 949 |
_617A0429680 _9P60, <03>, [BOOK], {603} _asnkSC 115955 _bsnkKSP 6921/2004 _s6100:20210720 |
||
| 949 |
_617A0429679 _9P60, <04>, [BOOK], {604} _asnkSC 115955 D1 _bsnkKSP 6922/2004 |
||
| 949 |
_62889096712 _asavukM 103388 |
||
| 949 |
_60133088627 _asnmk _bsnmk88627 _o[nedef] <K> |
||
| 949 |
_6270001000239178 _asvkbbA 109778 _bsvkbbm 655687* _oTL2; _p655.687 |
||
| 949 |
_6273K0079733 _asvkpoA 188927a _bsvkpo473381 |
||
| 949 |
_6273K0096303 _asvkpoA 188927 _bsvkpo472201 |
||
| 999 |
_c22005 _d22005 |
||